000 00859nam a2200253Ia 4500
003 OSt
005 20220923220208.0
006 a|||||r|||| 00| 0
007 ta
008 220922b |||||||| |||| 00| 0 hin d
024 _a184,920
037 _cTextual
040 _aARTS
_cARTS
_bhin
041 _2hin
_ahin
082 _aO152,1NTR,1, K9
100 _aत्रिपाठी, सेवकेन्द्र
245 0 _aछत्रशाल बावनी
246 _aChhatrashāl bāvanī
260 _aझासंी
_b स्वतंत्र प्रकाशन संस्थान
_c1969
300 _a52 पृ.
_ccm.
650 _aहिन्दी साहित्य
_9156264
942 _hO152,1NTR,1, K9
_cTEXL
_2CC
999 _c338177
_d338177